The Least Developed Countries : (Record no. 1067)
[ view plain ]
| 000 -LEADER | |
|---|---|
| fixed length control field | 00447nam a22001457a 4500 |
| 005 - DATE AND TIME OF INPUT | |
| control field | 20231130061856.0 |
| 008 - DATA ELEMENTS--GENERAL INFORMATION | |
| fixed length control field | 231130b |||||||| |||| 00| 0 eng d |
| 041 ## - LANGUAGE CODE | |
| Language code of text | English |
| 082 ## - SHELF NUMBER | |
| DDC number | 323.4 SOT |
| 100 ## - MAIN AUTHOR | |
| Main author's name | Sottas, E |
| Language of a work | English |
| 245 ## - TITLE STATEMENT | |
| Title | The Least Developed Countries : |
| Sub-title | Development and Human Rights / |
| Statement of responsibility, etc. | E Sottas |
| 300 ## - PHYSICAL DESCRIPTION | |
| Other physical details | 152 pages ; |
| Dimensions | 30,2 cm. |
| 650 ## - SUBJECT` | |
| Broad subject | Legal practice |
| Own subject terms | Law |
| 942 ## - ADDED ENTRY ELEMENTS (KOHA) | |
| Item type | Books |
| 942 ## - ADDED ENTRY ELEMENTS (KOHA) | |
| -- | ALISON_BN_VRIES |
| Source of classification or shelving scheme | Not for loan | Collection code | Home library | Current library | Shelving location | Date acquired | Full call number | Barcode | Price effective from | Koha item type |
|---|---|---|---|---|---|---|---|---|---|---|
| Dewey Decimal Classification | TEXT BOOKS | LAW SOCIETY OF NAMIBIA LIBRARY - WINDHOEK | LAW SOCIETY OF NAMIBIA LIBRARY - WINDHOEK | General Shelf | 11/30/2023 | 323.4 SOT | LSN/1990/36 | 11/30/2023 | Books |
